Every High School in the Philadelphia Area - Statistics

General Stats
  • This quiz has been taken 16 times
  • The average score is 14 of 85
Answer Stats
County Answer % Correct
Bucks Central Bucks High School East
46%
Bucks Central Bucks High School South
46%
Bucks Central Bucks High School West
46%
Montgomery Lower Merion High School
46%
Bucks Bensalem High School
38%
Delaware Chester High School
38%
Chester Downingtown High School
38%
Montgomery Upper Dublin High School
38%
Montgomery Upper Merion Area High School
38%
Bucks Council Rock High School North
31%
Bucks Council Rock High School South
31%
Philadelphia George Washington High School
31%
Delaware Haverford High School
31%
Delaware Radnor High School
31%
Delaware Strath Haven High School
31%
Delaware Upper Darby High School
31%
Chester West Chester East High School
31%
Bucks Bristol High School
23%
Chester Conestoga High School
23%
Philadelphia Frankford High School
23%
Montgomery Hatboro-Horsham Senior High School
23%
Montgomery Jenkintown High School
23%
Bucks New Hope-Solebury High School
23%
Philadelphia Northeast High School
23%
Montgomery North Penn High School
23%
Bucks Pennsbury High School
23%
Delaware Springfield High School
23%
Montgomery Springfield Township High School
23%
Montgomery Upper Moreland High School
23%
Montgomery Abington High School
15%
Montgomery Cheltenham High School
15%
Chester Great Valley High School
15%
Bucks Harry S. Truman High School
15%
Delaware Interboro High School
15%
Philadelphia Kensington High School
15%
Montgomery Lower Moreland High School
15%
Bucks Neshaminy High School
15%
Montgomery Norristown Area High School
15%
Chester Oxford Area High School
15%
Bucks Pennridge High School
15%
Delaware Penn Wood High School
15%
Chester Phoenixville Area High School
15%
Delaware Ridley High School
15%
Philadelphia South Philadelphia High School
15%
Philadelphia Strawberry Mansion High School
15%
Chester Unionville High School
15%
Philadelphia West Philadelphia High School
15%
Philadelphia Abraham Lincoln High School
8%
Delaware Academy Park High School
8%
Chester Avon Grove High School
8%
Philadelphia Benjamin Franklin High School
8%
Delaware Chichester High School
8%
Chester Coatesville Area High School
8%
Delaware Garnet Valley High School
8%
Montgomery Harriton High School
8%
Chester Kennett High School
8%
Delaware Marple Newtown High School
8%
Philadelphia Martin Luther King High School
8%
Montgomery Methacton High School
8%
Bucks Morrisville Senior High School
8%
Chester Octorara Junior-Senior High School
8%
Philadelphia Overbrook High School
8%
Chester Owen J. Roberts High School
8%
Bucks Palisades High School
8%
Delaware Penncrest High School
8%
Montgomery Perkiomen Valley High School
8%
Montgomery Plymouth Whitemarsh High School
8%
Montgomery Pottsgrove High School
8%
Bucks Quakertown High School
8%
Philadelphia Roxborough High School
8%
Montgomery Souderton Area High School
8%
Montgomery Spring-Ford Senior High School
8%
Delaware Sun Valley High School
8%
Montgomery Upper Perkiomen High School
8%
Chester West Chester Henderson High School
8%
Chester West Chester Rustin High School
8%
Bucks William Tennent High School
8%
Montgomery Wissahickon High School
8%
Philadelphia Horace Furness High School
0%
Philadelphia John Bartram High School
0%
Philadelphia Penn Treaty School
0%
Montgomery Pottstown Senior High School
0%
Philadelphia Samuel Fels High School
0%
Philadelphia Thomas A. Edison High School
0%
Philadelphia William L. Sayre High School
0%
No matching quizzes found
Score Distribution
Percent of People with Each Score
Percentile by Number Answered
Your Score History
You have not taken this quiz